[Event "Centelles op B"]
[Site "Centelles"]
[Date "1996.10.19"]
[Round "7"]
[White "Cubiles Rayas, Ivan"]
[Black "Campos Bandera, Pere"]
[Result "1-0"]
[WhiteElo "1855"]
[BlackElo "1900"]
[PlyCount "82"]
[EventDate "1996.09.07"]
[EventType "swiss"]
[EventRounds "8"]
[EventCountry "ESP"]
[SourceTitle "EXT 2003"]
[Source "ChessBase"]
[SourceDate "2002.11.25"]
[SourceVersion "1"]
[SourceVersionDate "2002.11.25"]
[SourceQuality "1"]

1. e4 e5 2. d4 exd4 3. f4 d6 4. Nf3 Nc6 5. Nxd4 Nxd4 6. Qxd4 Nf6 7. Bd3 b6 8. Nc3 Bb7 9. 0-0 Qd7 10. Kh1 0-0-0 11. Nd5 c6 12. Nxf6 gxf6 13. Qxf6 Be7 14. Qxf7 Rdf8 15. Qh5 Kb8 16. a4 Rfg8 17. a5 b5 18. b4 Bf6 19. Rb1 Qg7 20. Qf3 Be5 21. Qe2 Bd4 22. c4 a6 23. Bb2 Bxb2 24. Rxb2 h5 25. Rc2 h4 26. c5 Qh6 27. Qf2 Rg3 28. Rd2 Rhg8 29. Rg1 h3 30. hxg3 Rh8 31. cxd6 Qxd6 32. gxh3 Qxb4 33. h4 c5 34. Rb2 Bxe4+ 35. Bxe4 Qxe4+ 36. Kh2 Qe7 37. Qe2 Qd6 38. Qe5 Qxe5 39. fxe5 c4 40. e6 Re8 41. Re1 Kc7 1-0

[Event "Centelles op B"]
[Site "Centelles"]
[Date "1996.10.12"]
[Round "6"]
[White "Campos Bandera, Pere"]
[Black "Verdaguer Muntanya, Marc"]
[Result "1-0"]
[WhiteElo "1900"]
[BlackElo "1865"]
[PlyCount "75"]
[EventDate "1996.09.07"]
[EventType "swiss"]
[EventRounds "8"]
[EventCountry "ESP"]
[SourceTitle "EXT 2003"]
[Source "ChessBase"]
[SourceDate "2002.11.25"]
[SourceVersion "1"]
[SourceVersionDate "2002.11.25"]
[SourceQuality "1"]

1. e4 c5 2. Nf3 Nc6 3. d4 cxd4 4. Nxd4 g6 5. c3 Bg7 6. Be3 Nf6 7. Bd3 d6 8. 0-0 0-0 9. h3 a6 10. Nd2 Ne5 11. Be2 Bd7 12. f4 Nc6 13. Bf3 Ne8 14. Rc1 f5 15. exf5 Nxd4 16. cxd4 Bxf5 17. Bxb7 Rb8 18. Bd5+ e6 19. Bb3 Qb6 20. Nf3 Nc7 21. g4 Be4 22. Ng5 d5 23. Rxc7 Qxc7 24. Nxe6 Qc6 25. Nxf8 Kxf8 26. Qd2 Rc8 27. Qb4+ Kf7 28. Rc1 Qd7 29. Rxc8 Qxc8 30. Qb6 h6 31. Kf2 Bf6 32. Kg3 h5 33. g5 Be7 34. Qa5 Qc6 35. Qe1 Qb5 36. Bd2 Qd3+ 37. Qe3 Qf1 38. Qxe4 1-0

[Event "Centelles op B"]
[Site "Centelles"]
[Date "1996.09.14"]
[Round "2"]
[White "Campos Bandera, Pere"]
[Black "Clot Silla, Eduard"]
[Result "1-0"]
[WhiteElo "1900"]
[BlackElo "1800"]
[PlyCount "57"]
[EventDate "1996.09.07"]
[EventType "swiss"]
[EventRounds "8"]
[EventCountry "ESP"]
[SourceTitle "EXT 2003"]
[Source "ChessBase"]
[SourceDate "2002.11.25"]
[SourceVersion "1"]
[SourceVersionDate "2002.11.25"]
[SourceQuality "1"]

1. e4 e5 2. Nf3 Nc6 3. d4 f6 4. Bc4 Nge7 5. 0-0 d6 6. c3 d5 7. exd5 Nxd5 8. dxe5 Be6 9. exf6 gxf6 10. Re1 Qd7 11. Bxd5 0-0-0 12. Rxe6 Qxd5 13. Qxd5 Rxd5 14. Re1 Bc5 15. b4 Bb6 16. c4 Rd3 17. c5 Bxc5 18. bxc5 Rhd8 19. Nbd2 b6 20. cxb6 axb6 21. a4 Nb4 22. Rd1 Nc2 23. Ra2 Nb4 24. Rb2 Nc6 25. Re1 Rc3 26. Ne4 Rcd3 27. Rbe2 Rd1 28. Bf4 Rxe1+ 29. Rxe1 1-0